[Event "Olympiad-38"]
[Site "Dresden"]
[Date "2008.11.14"]
[Round "2"]
[White "Kotronias, Vasilios"]
[Black "Nakamura, Hikaru"]
[Result "1/2-1/2"]
[WhiteElo "2587"]
[BlackElo "2704"]
[Annotator "Kritz,L"]
[PlyCount "83"]
[EventDate "2008.11.13"]
[EventType "team-swiss"]
[EventRounds "11"]
[EventCountry "GER"]
[SourceTitle "CBM 128"]
[Source "ChessBase"]
[SourceDate "2009.01.28"]
[SourceVersion "1"]
[SourceVersionDate "2009.01.28"]
[SourceQuality "1"]
[WhiteTeam "Greece"]
[BlackTeam "US of America"]
[WhiteTeamCountry "GRE"]
[BlackTeamCountry "USA"]

1. e4 c5 2. Nf3 e6 3. d4 cxd4 4. Nxd4 a6 5. Bd3 {Das ist der Hauptzug gegen
den Paulsen mit e6-a6. Andere Alternativen sind 5.Nc3 und 5.c4} (5. c4 {
führt zum offenen Kampf.} Nf6 6. Nc3 Qc7 7. a3 d6 8. Be3 b6 9. Be2 Bb7 10. f3
Be7 11. O-O Nbd7 12. Rc1 O-O $132) (5. Nc3 b5 6. Bd3 Qb6 7. Nb3 Qc7 8. O-O Bb7
$132 {Das ist eine ganz andere Geschichte, es entsteht ebenfalls eine Stellung
mit Chancen für beide Seiten.}) 5... Bc5 6. Nb3 Be7 (6... Ba7 {Das ist eine
Alternative, die jedoch innerhalb der letzten Zeit immer weniger Anhänger
findet.} 7. Qg4 $5 {wurde seit Kurzem populär, und das nicht ohne Grund.} Nf6
8. Qg3 d6 9. Nc3 Nc6 10. Bg5 h6 11. Bd2 Nh5 12. Qf3 Qh4 13. g3 Ne5 14. Qe2 Qg4
(14... Nxd3+ 15. cxd3 Qh3 16. O-O-O $14) 15. O-O-O Nf6 (15... Nxd3+ 16. Qxd3
O-O 17. f3 Qg6 18. Qxd6 $16) 16. f4 Qxe2 17. Bxe2 Neg4 18. Be1 Ke7 19. Rd3 h5 (
19... Bd7 20. Bf3 e5 21. Nd1 Bb5 22. Rc3 $14 {Erenburg - Zhao (Pawtucket, 2008)
}) 20. Bf3 $1 h4 21. Nd1 $14 {Erenburg - Friedel (Pawtucket, 2008)}) 7. Qg4 Bf6
{Ein giftiger Zug. Es gibt keine große Theorie hier, weil sehr wenige Partien
gespielt wurden. Es sieht komisch aus, den Läufer nach f6 zu stellen, aber es
hat auch einige Vorteile.} 8. O-O (8. N1d2 $1 {Das sieht meiner Meinung nach
am besten aus. Der größte Nachteil des Zuges 7....Bf6 ist die Schwäche des
Feldes d6. Auf diese Art versucht Weiß, diese Schwäche sofort zu nutzen.} Nc6 (
8... b5 $2 9. a4 bxa4 10. Rxa4 $16) 9. Qg3 d6 (9... Nge7 10. Nc4 d5 $1 (10...
O-O 11. e5 Nf5 12. Bxf5 Bh4 13. Bxh7+ Kxh7 14. Qc3 $16) 11. Nd6+ Kf8 12. Nxc8
Rxc8 13. O-O $14) 10. Nc4 e5 {Jetzt ist es klar - wenn man ...Bf6 spielt, um
danach ...e5 zu ziehen, dann ist etwas falsch an der Variante.} (10... Ne5 11.
Nxe5 Bxe5 (11... dxe5 12. h4 $1 h6 13. Be3 $16) 12. f4 Bf6 13. O-O Qc7 14. c4
$14 {/\c5-e5}) 11. Be3 Be6 12. Nb6 Rb8 13. c3 Nge7 14. O-O O-O $14 {Almasi -
Nakamura (Dresden, 2008)}) (8. Qg3 Nc6 9. Nc3 $6 {Ich denke, dass die richtige
Strecke für den Springer über die Felder d2 und c4 führt.} (9. N1d2 $1 {
-> 8.N1d2}) 9... Nge7 10. O-O O-O 11. Bg5 Bxg5 12. Qxg5 d6 13. f4 b5 $132 {
Leko - Ivanchuk (Dresden, 2008)}) 8... Nc6 9. f4 {Zu direkt. Weiß stellt sich
standardmäßig auf, doch gerade gegen diesen üblichen Aufbau ist das schwarze
Manöver Bf6-Nge7 gerichtet. Weiß kommt weder zu e5, noch zu f5.} (9. Qg3 $5
Nge7 10. N1d2 d5 11. Nf3 $13) 9... d6 10. Qg3 Qc7 11. N1d2 Nge7 12. Nf3 Ng6 $11
{Schwarz hat erfolgreich ausgeglichen. Im Zentrum hat Weiß kein Spiel.} 13. c3
(13. a4 $6 Nb4 14. Nbd4 O-O $132 {Jeden Moment kann Schwarz die Stellung
sprengen, während Weiß immer noch keinen Durchbruchsplan hat.}) 13... b5 14.
Be3 Bb7 {Beide Seiten haben sich aufgestelt, nun ist es Zeit an einem Plan zu
arbeiten.} 15. Ng5 $6 (15. Nbd4 {Mir gefällt der Springer b3 überhaupt nicht.
Bevor es zu Aktionen am Königsflügel kommt, würde ich lieber zuerst den
Springer ins Spiel bringen, um ihn zumindest auf c6 abzutauschen und damit die
schwarze Kontrolle über das Feld e5 (im Falle, dass Weiß mit f5 fortfahren
will) zu schwächen.} O-O (15... e5 16. fxe5 dxe5 17. a4 $36) 16. Nxc6 Qxc6 17.
Rad1 Rad8 $132) (15. h4 $5 {verdient ebenfalls Betrachtung.} e5 $1 (15... h5
16. e5 dxe5 17. Bxg6 fxg6 18. Qxg6+ Qf7 19. Qxf7+ Kxf7 20. Nxe5+ $18) (15...
O-O 16. h5 Nge7 17. Nh2 $1 $16) 16. f5 Nf4 17. Bxf4 exf4 18. Qxf4 Qb6+ 19. Kh1
Ne5 20. Rad1 O-O $44 {Zweifellos hat Schwarz Kompensation für den Bauern, aber
Weiß kann hier um Vorteil kämpfen.}) 15... e5 $1 (15... O-O 16. f5 $1 {Das ist
die Idee des Zuges 15.Ng5.} Nge5 (16... Bxg5 17. Bxg5 Nge5 18. Bf6 g6 19. Qh3
Nd7 20. fxe6 $16) 17. fxe6 Bxg5 (17... Nxd3 18. Rxf6 fxe6 19. Nxe6 $18) 18.
exf7+ Nxf7 19. Bxg5 Nxg5 20. Qxg5 Ne5 21. Bc2 $16) 16. fxe5 {Auch andere Züge
machen das Leben von Weiß nicht leichter.} (16. f5 Nf4 17. Bxf4 (17. Rad1 Nxd3
18. Rxd3 Ne7 $15) 17... exf4 18. Qxf4 b4 19. Nf3 bxc3 20. bxc3 Ne5 $44) (16.
Nh3 Bh4 17. Qg4 exf4 18. Nxf4 Nce5 19. Qe2 Nxf4 20. Rxf4 Bg5 21. Rff1 Bxe3+ 22.
Qxe3 O-O $15) 16... Ncxe5 17. Bc2 h6 (17... O-O $5 18. Qh3 h6 (18... Bxg5 $5
19. Bxg5 Nc4 $15) 19. Nf3 (19. Rxf6 gxf6 20. Nf3 Qc8 $1 21. Qxc8 (21. Qxh6 Ng4
$19) 21... Raxc8 22. Bxh6 Rfe8 $17) 19... Nc4 20. Bc1 Rfe8 $15 {Die schwarze
Initiative sieht sehr gefährlich aus.}) 18. Nf3 Nxf3+ $6 (18... O-O $1 $15 {
sichert Schwarz ein sehr gutes Spiel im Zentrum.}) 19. Qxf3 $6 (19. Rxf3 $1 {
würde Weiß überraschend in Vorteil bringen.} Be5 (19... O-O 20. Rxf6 gxf6 21.
Nc5 $3 Bc6 22. Rd1 Rfd8 23. Bf4 Qb6 24. Bxd6 $16) 20. Qf2 {xb6} O-O 21. Na5 $3
Bc8 (21... Qxa5 22. Bb6 $18) 22. Bb6 Qd7 23. Bb3 $14) 19... Ne5 20. Qg3 Qe7 $6
(20... h5 $5 21. Nd4 h4 22. Qe1 h3 23. g3 Ng4 $132) 21. Nd4 {Jetzt kommen die
weißen Figuren schnell zu Aktivität. Schwarz dagegen muss weitere Schwächen
hinnehmen.} g6 {Man kann den Springer auf f5 nicht aushalten.} 22. Nf3 Bg7 ({
Zu verrückten Komplikationen führt} 22... Nc4 23. Bd4 Bxd4+ 24. Nxd4 Qe5 (24...
Nxb2 25. e5 dxe5 26. Rxf7 $1 $18) 25. Qh3 Nxb2 26. Rxf7 Kxf7 27. Qd7+ Kg8 28.
Qxb7 $132 {und die weiße Kompensation scheint mehr als reichlich zu sein.}) 23.
Bb3 (23. Nxe5 Bxe5 24. Qf2 h5 25. Bb3 O-O 26. Bh6 Bg7 27. Bxg7 Kxg7 28. Rae1
$11) 23... Bxe4 $1 {Der einzige Zug!} (23... O-O $2 {Die Schwäche des Punktes
g6 wird nun spürbar.} 24. Nxe5 Qxe5 25. Bf4 Qc5+ 26. Rf2 $16 {xd6,g6!}) (23...
Nxf3+ 24. Rxf3 O-O 25. Qxg6 Bxe4 26. Rxf7 Rxf7 27. Bxf7+ Kh8 (27... Kf8 28. Qe6
$16) 28. Qe6 (28. Qh5 Rf8 29. Bb3 Bf3 $1 30. gxf3 Qxe3+ 31. Kh1 Qxf3+ 32. Qxf3
Rxf3 $11) 28... Re8 29. Qxe7 Rxe7 30. Bh5 Bxg2 31. Bxh6 $1 $16 {Eine lange,
aber forcierte Variante.}) 24. Nxe5 Bxe5 25. Bf4 Bxf4 $5 {Schwarz spielt auf
Sieg. Ein schnelles Remis konnte er mittels 25...0-0 erreichen:} (25... O-O 26.
Bxe5 Qxe5 27. Qxe5 dxe5 28. Rfe1 (28. Rae1 Bd3 29. Rf2 e4 30. Bd5 Rad8 $17)
28... Bf5 29. Rxe5 Rfe8 30. Rae1 Kf8 $11) 26. Qxf4 (26. Rxf4 d5 27. Re1 (27. a4
O-O $15) 27... O-O-O $3 $15 {Ein Superzug! Der schwarze König ist viel
sicherer am Damenflügel als am Königsflügel. Demnächst spielt Schwarz f5 und
g5. Apropos, die kurze Rochade würde sofort verlieren:} (27... O-O 28. Rexe4
dxe4 29. Qxg6+ Kh8 30. Qxh6+ Kg8 31. Rg4+ $18)) 26... f5 (26... d5 27. Rad1 Rd8
28. Rfe1 $44) 27. a4 Qe5 28. axb5 (28. Qf2 Qc5 29. axb5 axb5 30. Rxa8+ Bxa8 31.
Ra1 Bc6 32. Ra7 Kd8 $15) 28... axb5 29. Rxa8+ Bxa8 30. Qd2 {Zwar hat Schwarz
einen Mehrbauern, doch sein König ist im Zentrum und seine Figuren sind
diskoordiniert. Er muss sehr genau spielen, um den kleinen Vorteil
festzuhalten.} Kd7 (30... Qc5+ $5 {Es war sehr wichtig, diese Diagonale unter
Kontrolle zu nehmen, und die Figuren besser zu platzieren.} 31. Kh1 Be4 32. h3
(32. Bc2 Bxc2 33. Qxc2 O-O 34. Re1 Kg7 $15) 32... Kd7 $15) 31. Bf7 g5 32. Qf2
$1 f4 33. b4 {Jetzt ist Schwarz zu spät dran - die weiße Initiative kann
ungemütlich werden.} (33. Qa7+ $2 {hilft Schwarz, sich zu konsolidieren.} Kc6
34. Qa6+ Kc7 35. Qa7+ Bb7 $17) 33... Qe3 (33... Bb7 34. Qb6 Qe3+ 35. Qxe3 fxe3
{->33...Qe3, nur mit dem Läufer auf b7.}) (33... Qxc3 34. Qa7+ Kc6 (34... Qc7
$4 35. Be6+ Kd8 36. Qxa8+ $18) 35. Qa6+ Kc7 36. Qa7+ Bb7 37. Bd5 $1 {Das ist
der Unterschied - das Feld d5 steht nun dem weißen Läufer zur Verfügung.} Rb8
38. Qa5+ Kd7 39. Qxb5+ Kc7 40. Qa5+ $11) 34. Qxe3 fxe3 35. Re1 Rf8 $2 {Ein
Fehler, der den Rest des Vorteils vergibt. Gute Chancen hatte Schwarz nach 35..
..Rh7!} (35... Rh7 $1 36. Bg6 Re7 37. Bd3 Bc6 38. g3 $15 {Weiß will mit dem
König nach e2 kommen. Es ist nicht zu sehen, wie Schwarz diesen Plan
verhindern kann. Wahrscheinlich ist die Stellung im remislichen Bereich.}) 36.
Bh5 Rf2 37. Re2 $1 {Das Läuferendspiel ist sofort remis, weil Weiß den
e3-Bauern gewinnen kann.} Rxe2 38. Bxe2 Bc6 39. Bg4+ Ke7 40. Kf1 Bd5 (40... Kf6
41. g3 Ke5 42. Ke2 $11) 41. Be2 Bc6 42. Bg4 1/2-1/2

[Event "Olympiad-38"]
[Site "Dresden"]
[Date "2008.11.17"]
[Round "5"]
[White "Leko, Peter"]
[Black "Ivanchuk, Vassily"]
[Result "0-1"]
[WhiteElo "2747"]
[BlackElo "2786"]
[Annotator "Kritz,L"]
[PlyCount "254"]
[EventDate "2008.11.13"]
[EventType "team-swiss"]
[EventRounds "11"]
[EventCountry "GER"]
[SourceTitle "CBM 128"]
[Source "ChessBase"]
[SourceDate "2009.01.28"]
[SourceVersion "1"]
[SourceVersionDate "2009.01.28"]
[SourceQuality "1"]
[WhiteTeam "Hungary"]
[BlackTeam "Ukraine"]
[WhiteTeamCountry "HUN"]
[BlackTeamCountry "UKR"]

1. e4 c5 2. Nf3 e6 3. d4 cxd4 4. Nxd4 a6 5. Bd3 Bc5 6. Nb3 Be7 7. Qg4 Bf6 8.
Qg3 (8. N1d2 $1 {Das sieht meiner Meinung nach am besten aus. Der größte
Nachteil des Zuges 7....Bf6 ist die Schwäche des Feldes d6. Auf diese Art
versucht Weiß, diese Schwäche sofort auszunutzen.} Nc6 (8... b5 $2 9. a4 bxa4
10. Rxa4 $16) 9. Qg3 d6 (9... Nge7 10. Nc4 d5 $1 (10... O-O 11. e5 Nf5 12. Bxf5
Bh4 13. Bxh7+ Kxh7 14. Qc3 $16) 11. Nd6+ Kf8 12. Nxc8 Rxc8 13. O-O $14) 10. Nc4
e5 {Jetzt ist es klar - wenn man Bf6 spielt, um danach e5 zu ziehen, dann ist
etwas falsch an der Variante.} (10... Ne5 11. Nxe5 Bxe5 (11... dxe5 12. h4 $1
h6 13. Be3 $16) 12. f4 Bf6 13. O-O Qc7 14. c4 $14 {/\c5-e5}) 11. Be3 Be6 12.
Nb6 Rb8 13. c3 Nge7 14. O-O O-O $14 {Almasi - Nakamura (Dresden, 2008)}) 8...
Nc6 9. Nc3 $6 {Ich denke, dass die richtige Strecke für den Springer über die
Felder d2 und c4 führt. Wenn man den Gegner für die Schwächung des Feldes d6
bestrafen will, muss man den Springer anders positionieren.} (9. N1d2 $1 {
->8.Nbd2!}) 9... Nge7 10. O-O O-O {Schwarz braucht sich nicht zu beeilen, sein
Gegenspiel zu bekommen. Dank der verstärkten Kontrolle über das Feld e5, steht
er statisch gesehen ganz gut.} (10... d5 $6 11. exd5 Nxd5 (11... exd5 12. Re1
O-O 13. Bg5 $16 {Schwarz hat eindeutig einen schlechten Isolani.}) 12. Ne4 $1
O-O (12... Be5 13. f4 Bf6 14. c4 Ndb4 15. Nxf6+ Qxf6 16. Be4 $18) 13. Nxf6+
Qxf6 14. Re1 $16 {Das Läuferpaar sichert dem Weißen einen großen Vorteil,
zumal Schwarz auch noch unterentwickelt ist.}) 11. Bg5 (11. Bf4 e5 $1 (11...
Bxc3 12. bxc3 d5 13. Bc7 Qe8 14. exd5 Nxd5 15. Bd6 Nde7 16. Nd4 $16) (11... d5
12. Bc7 Qd7 13. Nc5 Qe8 14. e5 Nf5 15. Bxf5 Be7 16. Bd6 exf5 17. Nxd5 $18) (
11... Ng6 12. Bd6 Be5 13. Bxe5 Ngxe5 14. Rad1 $14) 12. Be3 (12. Bg5 Bxg5 13.
Qxg5 d6 14. Rad1 Be6 $11) 12... d6 13. Rad1 Be6 $132 {Schwarz scheint in
Ordnung zu sein. Seine einzige wirkliche Schwäche - der Bauer d6 - kann nicht
effektiv angegriffen werden.}) 11... Bxg5 12. Qxg5 d6 {Es sieht so aus, als ob
Schwarz ziemlich problemlos Ausgleich erreicht hat. Er hat genug Zeit, um sich
zu entwickeln und den Bauern d6 zu verteidigen.} 13. f4 (13. Rad1 $5 {Ist ein
alternativer Plan. Weiß sollte versuchen, den Gegner so schnell wie möglich
unter Druck zu setzen. Leider reicht hier die Zeit dafür nicht aus.} Qc7 14.
Rd2 b5 15. Rfd1 Bb7 16. Be2 Rad8 $11 {Schwarz ist ok. Demnächst spielt er Ne5
oder b4 und versucht, zu Gegenspiel zu kommen.}) 13... b5 14. f5 $6 {Eine
übermütige Entscheidung. Weiß gibt den Punkt e5 auf, das ist eigentlich schon
eine strategische Kapitulation. Dafür muss man sicher sein, dass der Angriff
am Königsflügel ein Mattende haben wird, denn wenn nicht, landet man in einer
schlechten, passiven Stellung. Nun sind die Mattchancen in dieser Stellung
ziemlich gering, weil die Dame keine Verstärkung bekommt.} (14. Rad1 Bb7 15. e5
{Ein Versuch, aktiv zu werden endet im Nichts.} (15. Kh1 $5 Ng6 16. Qg4 b4 17.
Ne2 Qf6 $132) 15... Qb6+ 16. Kh1 h6 (16... dxe5 17. fxe5 (17. Bxh7+ $2 {
Schön und schlecht.} Kxh7 18. Rd3 Kg8 19. fxe5 Ng6 20. Rh3 Ncxe5 21. Qh5 f5 $18
) 17... Ng6 18. Bxg6 fxg6 19. Ne4 Na5 20. Nd6 Bd5 21. Nxa5 Qxa5 22. Qe7 Qd8 $11
) 17. Qg3 dxe5 18. fxe5 Rad8 {Nun hat es Weiß mit der permanenten Schwäche e5
zu tun. Der Versuch, das Spiel zu forcieren, bringt nur negative Ergebnisse.}
19. Ne4 Ng6 20. Nf6+ gxf6 21. Bxg6 Rxd1 22. Rxd1 Nxe5 $3 (22... fxg6 23. Qxg6+
Kh8 24. Qxh6+ Kg8 25. Qg6+ Kh8 26. Rd3 $18) 23. Bd3+ Kh8 24. Qf4 Kg7 $17) 14...
Ne5 {Meiner Meinung nach besitzt Schwarz schon einen kleinen Vorteil.} 15. Rad1
(15. f6 N7g6 16. h4 $5 {Der einzige Versuch, das Spiel dynamisch zu gestalten.}
gxf6 17. Qg3 (17. Rxf6 h6 $19) 17... h5 (17... Kh8 $5 18. h5 Ne7 19. Qh4 N7c6
20. Qxf6+ (20. Rxf6 $2 Ng4 $19) 20... Qxf6 21. Rxf6 Kg7 22. Raf1 h6 $1 $15) 18.
Be2 b4 19. Nd1 Bb7 20. Bxh5 Bxe4 21. Ne3 (21. Be2 Kh7 (21... f5 22. h5 Qh4 23.
Qxh4 Nxh4 24. Ne3 $13 {/\Rf4}) 22. h5 Ne7 23. Qf4 f5 $17) 21... Kh7 22. Bxg6+
fxg6 23. Qf4 f5 24. Nd2 Bc6 25. Qxb4 Rb8 $17) 15... Qb6+ 16. Kh1 f6 $1 {
Das sieht ungewöhnlich aus, ist aber sehr stark. Schwarz nimmt Weiß alle
Chancen auf einen Angriff und kommt zu kostenlosem Gegenspiel am Damenflügel.}
17. Qg3 Kh8 (17... Bd7 {würde sich anbieten, aber Ivanchuk hat richtig gesehen,
dass außer dem Nehmen auf e6 Weiß ja nichts Besseres hat. In dem Fall steht
der König sicherer auf h8.} 18. fxe6 Bxe6) 18. fxe6 Bxe6 19. Be2 (19. Nd5 $6
Nxd5 20. exd5 Bxd5 21. Bxh7 Bxg2+ {Hier ist ein weiterer Vorteil der schwarzen
Königsposition.} 22. Qxg2 Kxh7 $15) 19... b4 20. Nd4 (20. Nd5 Nxd5 21. exd5 Bd7
22. Nd4 {->20.Nd4.}) 20... Bd7 {Der Läufer steht besser auf d7, von wo er das
Feld f5 kontrolliert.} ({Der Zug} 20... Bf7 {verhindert den weißen
Springereinzug nach d5 sowieso nicht.} 21. Nd5 Nxd5 22. exd5 Bxd5 $2 23. Nf5 g6
24. Rxd5 gxf5 25. Rxf5 Qc6 26. Rd2 $14) 21. Nd5 Nxd5 22. exd5 Rac8 23. a3 (23.
Ne6 $2 {Der Springermarsch nach vorne bringt nur dem Weißen Schwierigkeiten.}
Bxe6 24. dxe6 Rxc2 25. Bh5 Qc7 $17) 23... a5 (23... bxa3 $6 24. Qxa3 {Weiß
bekommt die theoretische Gelegenheit, früher oder später c4 zu spielen und
damit eine Bauernkette aufzustellen, die schwer zu brechen sein wird.}) 24.
axb4 Qxb4 25. b3 {Kommt Weiß zu c4, wird sein Leben leichter, aber Schwarz
wird den Versuch in seiner Wurzel unterbinden.} (25. Qb3 Rfe8 26. Qxb4 axb4 27.
Rd2 Rc5 28. Nb3 Rc7 $15 {Weiß hat nur Schwächen und passive Figuren, die
Stellung muss aufgehen.}) 25... Rc3 $1 26. Qf4 Rfc8 $17 {Totale Dominanz der
schwarzen Figuren. Der Springer auf e5 steht glänzend. Die Frage ist nur, wann
es endlich zu einem entscheidenden Durchbruch kommen wird.} 27. Rd2 a4 $1 {
Bevor Ivanchuk den d5-Bauern ins Visier nimmt, will er auf c2 einschlagen.} (
27... R8c5 $5 28. Rfd1 Rxd5 29. Qe4 Rdc5 30. Qa8+ Rc8 31. Qd5 $17 {Das kleine
Problem für Schwarz ist, dass seitdem der d5-Bauer verschwunden ist, der
d6-Bauer schwach wurde. Unter Umständen kann es dazu kommen, dass die Bauern
des Damenflügels abgetauscht werden, und man in einem Endspiel mit starken
remslichen Tendenzen landet.}) 28. bxa4 Bxa4 29. Qf5 Bd7 30. Ne6 (30. Qf4 R3c5
31. Rfd1 Rxd5 32. Ne6 Qxf4 33. Nxf4 Rxd2 34. Rxd2 Rc6 $1 $17 {Ich denke, die
Stellung ist einfacher zu gewinnen, wenn die Bauern auf dem Brett bleiben.} (
34... Kg8 35. Kg1 Kf7 36. Rxd6 Rxc2 37. Bd1 $17)) 30... Qb2 31. Bd3 (31. Ba6
Re8 32. Be2 Qa2 33. Re1 Bxe6 34. dxe6 Qxe6 35. Qxe6 Rxe6 36. Bg4 Re8 37. Rxd6
Rxc2 $17 {Mit Springer gegen Läufer sollte es auch an einem Flügel nicht
schwer sein zu gewinnen.}) 31... Nxd3 $1 {Richtige Wahl. Weniger verspricht 31.
...Rxd3} (31... Rxd3 32. Rxd3 Nxd3 33. Qxd3 Qe5 34. Qd2 (34. Nf4 Bf5 $17) 34...
Bxe6 35. dxe6 Qxe6 36. Rd1 $15 {Mit guten Remischancen für Weiß.}) 32. Rxd3
Qxc2 33. Rxc3 Qxc3 34. Qg4 Rg8 {Es sieht so aus, als wenn Weiß für einen
kurzen Augenblick zur Initiative gekommen ist, doch in Wirklichkeit kann er
keinen Nutzen daraus ziehen.} 35. Ng5 (35. h3 Qe5 36. Rd1 g6 $17) 35... Be8 36.
Ne4 (36. Ne6 Qe5 37. Qd4 Bf7 38. Qxe5 dxe5 39. Ra1 Bxe6 40. dxe6 Re8 $19) 36...
Qc4 (36... Qd4 $4 {würde die ganze Partie verderben.} 37. Nxf6 $1 Qxg4 38. Nxg4
$11) 37. Qf5 Qa6 38. Qf4 Bf7 39. Nxd6 Bxd5 40. Nf5 Qe2 {Nun ist es eine Sache
der Technik. Zuerst muss Schwarz die Damen tauschen, um seinen Turm zu
befreien. Danach wird er die weißen Figuren an die Verteidigung seiner Bauern
binden, und schließlich mit dem König das Gewinnkonzept vollenden.} 41. Rf2
Qd1+ 42. Rf1 Qd3 43. Kg1 Be6 (43... Qe4 44. Qxe4 Bxe4 $17) 44. h3 Qd7 45. Kh2
Rd8 46. Rf2 Kg8 47. Rf3 Kh8 48. Rf2 Qf7 49. Rf3 Qa7 50. Rf1 Qb8 {Mit drei
Figuren auf dem Brett kann man nicht weiterkommen - Weiß steht zu kompakt.} 51.
Qxb8 Rxb8 52. Nd4 Bd5 53. Rf2 h6 54. Re2 Rb6 55. Nf5 Be6 56. Nd4 Bd7 57. g4 $1
{Die beste Verteidigungsmethode. Man sollte nicht abwarten, bis Schwarz seine
Bauern aufrollt und den weißen König in Bedrängnis bringt.} Rb4 58. Rd2 Kh7 59.
Nc2 Rb7 60. Ne3 Be6 61. Rd6 Bf7 62. Rd3 h5 $1 {An die Schwäche h3 kommt man
nicht heran, wenn man den g4-Bauern nicht abtauscht.} 63. Kg3 Bg6 64. Rc3 Rb1
65. Kh4 Rb4 66. Kg3 Re4 67. Ra3 Kh6 68. Rc3 Bh7 69. Ra3 Bg6 70. Rc3 Re5 71. Ng2
Be4 72. Ne3 Kg5 $1 {Innerhalb der letzten Züge ging der Kampf darum einen
günstigen Abtausch zu erzwingen. Schwarz will nicht auf g4 nehmen, weil der
Bauer g4 nachher von dem Springer gut verteidigt wird. Weiß wollte seinerseits
nicht auf h5 schlagen, weil der h3-Bauer leichter anzugreifen ist.} 73. h4+ {
Weiß ist gezwungen, in diesem oder dem nächsten Zug auf h5 zu nehmen,
ansonsten spielt Schwarz ...h4 und ...Kf4.} (73. Ra3 h4+ 74. Kf2 Rb5 (74... Kf4
75. Ra4 $1 g6 76. Ng2+ Kg5 77. Ne3 $17) 75. Ra2 g6 76. Rd2 Rb3 77. Ra2 f5 $19)
73... Kg6 74. gxh5+ Rxh5 $19 {Jetzt ist die Partie endgültig entschieden - der
h-Bauer ist nicht zu halten. Mit jeweils nur 30 Sekunden für einen Zug finden
jedoch beide Spieler nicht die besten Züge und nachdem Weiß zwischenzeitlich
eine Remisstellung erlangt, gewinnt am Ende doch der Schwarze.} 75. Rc7 Ra5 76.
Rc4 Re5 77. Ng4 Re7 78. Rc5 Kh7 79. h5 Rf7 80. Kf4 Bd3 81. Nf2 Be2 82. Ne4 Ra7
83. Rc6 Rf7 84. Ng3 Bb5 85. Rb6 Ba4 86. Ra6 Bb3 87. Rb6 Ba2 88. Ra6 Bc4 89. Rc6
Bd5 90. Rd6 Bg2 91. Rd2 Bb7 92. Rc2 Re7 93. Rc4 Bd5 94. Rc5 Rd7 95. Rb5 Bc4 96.
Rc5 Rd4+ 97. Ke3 Rd3+ 98. Kf4 Bd5 99. Nf5 Be6 100. Ng3 Rd4+ 101. Ke3 Rg4 102.
Kf3 Ra4 103. Ke3 Kh6 104. Kf3 Rh4 105. Rc7 Rb4 106. Rc5 Ra4 107. Rb5 Rh4 108.
Rb8 Kh7 109. Rb5 Kh6 110. Rb8 Bg4+ 111. Ke3 Rh3 112. Kf2 Rh2+ 113. Kg1 Ra2 114.
Rh8+ Kg5 115. h6 gxh6 116. Ne4+ Kf5 117. Nxf6 Kxf6 118. Rxh6+ Kg5 119. Rh2 Ra1+
120. Kf2 Kf4 121. Rh8 Ra2+ 122. Ke1 Re2+ 123. Kf1 Kg3 124. Rd8 Re3 125. Rg8 Re7
126. Rg5 Rh7 127. Ke1 Rd7 0-1